|
|
|
|
| LEADER |
00983nam a2200277 a 4500 |
| 001 |
3965 |
| 003 |
BD-DhAAL |
| 005 |
20150602133632.0 |
| 008 |
941117s1995 nyua 001 0 eng |
| 010 |
|
|
|a 94044367
|
| 020 |
|
|
|a 0471110647 (acidfree)
|
| 040 |
|
|
|a DLC
|c DLC
|d DLC
|d BD-DhAAL
|
| 050 |
0 |
0 |
|a QA76.73.C15
|b G72 1995
|
| 082 |
0 |
0 |
|a 794.8/15133
|2 20
|
| 100 |
1 |
|
|a Gradecki, Joe,
|d 1967-
|9 11601
|
| 245 |
1 |
0 |
|a NetWarriors in C :
|b programming 3D multi-player games in C /
|c Joe Gradecki.
|
| 260 |
|
|
|a New York :
|b Wiley,
|c c1995.
|
| 300 |
|
|
|a x, 438 p. :
|b ill. ;
|c 23 cm. +
|
| 500 |
|
|
|a Includes index.
|
| 541 |
|
|
|e 3965
|
| 650 |
|
0 |
|a C (Computer program language)
|9 7203
|
| 650 |
|
0 |
|a Computer games.
|9 11602
|
| 650 |
|
0 |
|a Computer graphics.
|9 11603
|
| 942 |
|
|
|2 ddc
|c BK
|
| 999 |
|
|
|c 34587
|d 34587
|
| 952 |
|
|
|0 0
|1 0
|2 ddc
|4 0
|6 794_815133000000000_GRA
|7 0
|9 54015
|a SCL
|b SCL
|c GEN
|d 2015-06-02
|e Gift: The Asia Foundation
|l 2
|m 5
|o 794.815133 GRA
|p 3020003965
|r 2024-05-30
|s 2024-05-27
|t 1
|w 2015-06-02
|y BK
|